Playboi Carti Antagonist 2.0 Tour Setlist - Statistics

General Stats
  • This quiz has been taken 30 times
  • The average score is 20 of 27
Answer Stats
Artist/Album Answer % Correct
Concert Opener-MUSIC Pop out
100%
Travis Scott ft.Playboi Carti -UTOPIA FE!N
95%
-MUSIC ft. Skepta Toxic
95%
-MUSIC w/ KendrickLamar Good Credit
90%
-Playboi Carti Location
86%
-Die Lit ft. Lil Uzi Vert Shoota
86%
-Whole Lotta Red Sky
86%
The Weeknd ft. Playboi Carti
-Hurry Up Tomorrow
Timeless
86%
-MUSIC ft. Future &Travis Scott Charge Dem Hoes a fee
81%
-MUSIC EVIL J0RDAN
81%
-Whole Lotta Red ILoveUIHateU
81%
-MUSIC 2024
76%
-Die Lit Long Time (intro)
76%
-Whole Lotta Red Stop Breathing
76%
*Unreleased Made it this far
71%
*Unreleased Rockstar
71%
-MUSIC Olympian
67%
-MUSIC OPM Babi
67%
-Die Lit R.I.P.
67%
-Whole Lotta Red Rockstar Made
67%
-MUSIC HBA
62%
-MUSIC Cocaine nose
57%
-MUSIC Crank
57%
-MUSIC Like Weezy
57%
-Whole Lotta Red On That Time
52%
-MUSIC K Pop
48%
-MUSIC Overly
38%
No matching quizzes found
Score Distribution
Percent of People with Each Score
Percentile by Number Answered
Your Score History
You have not taken this quiz